| 000 | 00745nam a22002297a 4500 | ||
|---|---|---|---|
| 005 | 2011111509329.0 | ||
| 008 | 111115t xxu||||| |||| 00| 0 eng d | ||
| 010 | _aENG-104096 | ||
| 020 |
_a9788184301120 _c350.00 |
||
| 035 | _aEN-87629 | ||
| 037 | _bDBAD/PUB | ||
| 040 |
_aDPL _bEng |
||
| 082 | _a350 | ||
| 100 |
_aArvinder Singh _935819 |
||
| 245 |
_aMyths and realities of security & public affairs / _cby Arvinder Singh |
||
| 260 |
_aNew Delhi _bOcean Books _c2011 |
||
| 270 |
_a4/19, Asaf Ali Road _bNew Delhi _e110002 |
||
| 300 |
_a240p. _c22cm (Hb) |
||
| 700 | _935820 | ||
| 942 |
_2ddc _cEN _h350 _mARV |
||
| 999 |
_c58361 _d58361 |
||